The Future of the Christian Church (Record no. 20953)

MARC details
000 -LEADER
fixed length control field 00321nam a22001337a 4500
082 ## - DEWEY DECIMAL CLASSIFICATION NUMBER
Classification number 261.8 RAM
100 ## - MAIN ENTRY--AUTHOR NAME
Author name Ramsey, Arthur Michael
245 ## - TITLE STATEMENT
Title The Future of the Christian Church
260 ## - PUBLICATION, DISTRIBUTION, ETC. (IMPRINT)
Place of publication London
Name of publisher SCM Press Ltd.
Year of publication 1943
300 ## - PHYSICAL DESCRIPTION
Number of Pages 86
650 ## - SUBJECT ADDED ENTRY--TOPICAL TERM
Topical Term Church and Social Problems
942 ## - ADDED ENTRY ELEMENTS (KOHA)
Koha item type Books
Holdings
Home library Current library Shelving location Date acquired Source of acquisition Cost, normal purchase price Full call number Accession Number Koha item type
Henry Martyn Institute Library Henry Martyn Institute Library General stacks 09/06/2006 Feed the Mind 100.00 261.8 RAM 11002236 Books
                   Copyright © 2026 | Henry Martyn Institute | Hyderabad | TS-500052 | INDIA | Implemented by hmi.edu.in
Hit-Count:

Powered by Koha